Library of the University of Algiers 3
Ibrahim Sultan Cheibout
شعار جامعة الجزائر 3
مكتبة جامعة الجزائر 3
إبراهيم سلطان شيبوط

المدخل الحديث الى علم الإقتصاد : (رقم التسجيلة. 44237)

تفاصيل مارك
000 -LEADER
fixed length control field 01261nam a2200217Ia 4500
003 - CONTROL NUMBER IDENTIFIER
control field Ost
005 - DATE AND TIME OF LATEST TRANSACTION
control field 20260507075357.0
008 - FIXED-LENGTH DATA ELEMENTS--GENERAL INFORMATION
fixed length control field 260507s9999||||xx |||||||||||||| ||und||
020 ## - INTERNATIONAL STANDARD BOOK NUMBER
International Standard Book Number 9115350977
040 ## - CATALOGING SOURCE
Transcribing agency fsecg
041 ## - LANGUAGE CODE
Language code of text/sound track or separate title ara
082 ## - DEWEY DECIMAL CLASSIFICATION NUMBER
Classification number 330
100 ## - MAIN ENTRY--PERSONAL NAME
Personal name دنيا، شوقي أحمد
Relator term مؤلف
245 #0 - TITLE STATEMENT
Title المدخل الحديث الى علم الإقتصاد :
Remainder of title منهجية ورؤية اسلامية في تناول المسائل الإقتصادية /
Statement of responsibility, etc. شوقي أحمد دنيا
260 ## - PUBLICATION, DISTRIBUTION, ETC.
Place of publication, distribution, etc. الإسكندرية:
Name of publisher, distributor, etc. دار الكتاب الحديث,
Date of publication, distribution, etc. 2006
300 ## - PHYSICAL DESCRIPTION
Extent 349 صفحة؛
Other physical details غلاف ملون ومصور
Dimensions 25 سم
520 ## - SUMMARY, ETC.
Summary, etc. مدخل عام- الحاجة الى الإقتصاد الإسلامي- حوار مع المعارضين- كيف تبنى علم الإقتصاد الإسلامي- اطلالة على الجهود الفكرية في مجال الإقتصاد الإسلامي- مدخل الى الإقتصاد الجزئي- الإستهلاك- الإنتاج- التمويل- التبادل- مدخل الى الإقتصاد الكلي- الدخل القومي- التنمية الإقتصادية
653 ## - INDEX TERM--UNCONTROLLED
Uncontrolled term الإقتصاد الإسلامي
653 ## - INDEX TERM--UNCONTROLLED
Uncontrolled term علم الإقتصاد
942 ## - ADDED ENTRY ELEMENTS (KOHA)
Koha item type كتب
المقتنيات
Withdrawn status Lost status Source of classification or shelving scheme Damaged status Not for loan Home library Current library Date acquired Serial enumeration / chronology Inventory number Total checkouts Full call number Barcode Date last seen Price effective from Koha item type
    Dewey Decimal Classification   NOT LOAN / إعارة داخلية مكتبة كلية العلوم الإقتصادية والعلوم التجارية وعلوم التسيير مكتبة كلية العلوم الإقتصادية والعلوم التجارية وعلوم التسيير 07/05/2026 الطابق الأرضي 25403   أ/4296ن1 25403 07/05/2026 07/05/2026 كتب
    Dewey Decimal Classification   Available مكتبة كلية العلوم الإقتصادية والعلوم التجارية وعلوم التسيير مكتبة كلية العلوم الإقتصادية والعلوم التجارية وعلوم التسيير 07/05/2026 الطابق الأرضي 25404   أ/4296ن2 25404 07/05/2026 07/05/2026 كتب
    Dewey Decimal Classification   Available مكتبة كلية العلوم الإقتصادية والعلوم التجارية وعلوم التسيير مكتبة كلية العلوم الإقتصادية والعلوم التجارية وعلوم التسيير 07/05/2026 الطابق الثاني 25405   أ/4296ن3 25405 07/05/2026 07/05/2026 كتب

موارد الويب المفتوحة


© University of Algiers 3 All Rights Reserved
|
Implemented by LECHELAH Riad